Celébrités Québécoises Cancellées - Statistiques

Statistiques générales
  • Ce quiz a été pris 59 fois
  • Le résultat moyen est 4 sur 9
Statistiques - réponses
Par images Réponse % Correct
Éric Salvail
78%
Julien Lacroix
69%
Gilbert Rozon
49%
Philippe Bond
47%
Kevin Parent
37%
Maripier Morin
35%
Bernard Adamus
20%
Yann Perreau
14%
Michel Venne
4%
Aucun quiz correspondant
Distribution des résultats
% des personnes avec chaque résultat
Percentile par nombre de réponses
Votre historique - résultats
Vous n’avez pas pris ce quiz